000 00377nam a2200133Ia 4500
008 220217s9999||||xx |||||||||||||| ||und||
020 _a0-387-96500-9
082 _a519 ALF
100 _aAlfred, Braxton
_93464
245 0 _aElements of statistics for the life and social sciences
260 _aSpringer press
_bNew York
_c1987
300 _b3933
650 _aMATHEMATICS
999 _c171978
_d171978